ALS / AS Logic Databook / (Record no. 595319)
[ view plain ]
| 000 -LEADER | |
|---|---|
| fixed length control field | 00238nam a22001097a 4500 |
| 040 ## - CATALOGING SOURCE | |
| Transcribing agency | 0 |
| 082 ## - DEWEY DECIMAL CLASSIFICATION NUMBER | |
| Classification number | 621.37,ASL |
| 245 ## - TITLE STATEMENT | |
| Title | ALS / AS Logic Databook / |
| 260 ## - PUBLICATION, DISTRIBUTION, ETC. | |
| Place of publication, distribution, etc. | National Semiconductor |
| Date of publication, distribution, etc. | 1990 |
| 300 ## - PHYSICAL DESCRIPTION | |
| Extent | 303 p |
| 942 ## - ADDED ENTRY ELEMENTS (KOHA) | |
| Source of classification or shelving scheme | |
| Koha item type | Book Bank |
| Withdrawn status | Lost status | Source of classification or shelving scheme | Damaged status | Not for loan | Permanent Location | Current Location | Shelving location | Date acquired | Full call number | Barcode | Date last seen | Price effective from | Koha item type | Public note |
|---|---|---|---|---|---|---|---|---|---|---|---|---|---|---|
| Military College of Signals (MCS) | Military College of Signals (MCS) | General Stacks | 07/20/2023 | 621.37,ASL | MCS36636 | 07/20/2023 | 07/20/2023 | Book | Almirah No.88, Shelf No.3 |
